Marriage, dowry practice and divorce / (Record no. 16165)

MARC details
000 -LEADER
fixed length control field 00941 a2200241 4500
005 - DATE AND TIME OF LATEST TRANSACTION
control field 20080924111043.0
008 - FIXED-LENGTH DATA ELEMENTS--GENERAL INFORMATION
fixed length control field 080924t xxu||||| |||| 00| 0 eng d
010 ## - LCCN (DPL NO)
LC control number ENG-91116
020 ## - INTERNATIONAL STANDARD BOOK NUMBER
International Standard Book Number 9788190618410
Terms of availability 880.00
035 ## - SYSTEM CONTROL NUMBER
System control number EN-74649
037 ## - SOURCE OF ACQUISITION
Source of stock number/acquisition DBAD / PUB
040 ## - CATALOGING SOURCE
Original cataloging agency dpl
Language of cataloging English
082 ## - DEWEY DECIMAL CLASSIFICATION NUMBER
Classification number 346.54016
100 ## - MAIN ENTRY--PERSONAL NAME
Personal name Gokilavani, S.
245 ## - TITLE STATEMENT
Title Marriage, dowry practice and divorce /
Statement of responsibility, etc by S. Gokilvani [and] S. Gabriel Jelestin
260 ## - PUBLICATION, DISTRIBUTION, ETC. (IMPRINT)
Place of publication, distribution, etc New Delhi
Name of publisher, distributor, etc Regal Publications
Date of publication, distribution, etc 2008
270 ## - ADDRESS
Address F-159, Rajouri Garden
City New Delhi
Postal code 110 027
Telephone number 011-45546396
Electronic mail address regalbookspub@yahoo.com
300 ## - PHYSICAL DESCRIPTION
Extent xviii, 268 p.
Dimensions 23 cm. (Hb.)
500 ## - GENERAL NOTE
General note Includes index
700 ## - ADDED ENTRY--PERSONAL NAME
Personal name Jelestin, Gabriel
942 ## - ADDED ENTRY ELEMENTS (KOHA)
Institution code [OBSOLETE] dpl
Item type English Books
Source of classification or shelving scheme Dewey Decimal Classification
Call number suffix GOK
Classification part 346.54016
Holdings
Withdrawn status Lost status Source of classification or shelving scheme Damaged status Not for loan Collection code Home library Current library Date acquired Source of acquisition Cost, normal purchase price Total Checkouts Full call number Barcode Date last seen Copy number Cost, replacement price Koha item type
    Dewey Decimal Classification   Not For Loan Non-fiction D.B.Act.Division D.B.Act.Division 03/10/2008 DBAD / PUB 880.00   346.54016 GOK EN-74649 03/10/2008 1 880.00 English Books

© Delhi Public Library
Hit Counter
free hit counter